Používať kvalifikované meradlá Čo potrebuje dobrá ekonomická politika
Grafický model ekonomiky SR podopretý ekonomickou teóriou. Jednoduchý model zatvoreného a otvoreného hospodárstva. Model otvoreného hospodárstva s vládou. Podlžnosti ekonomických stratégií, ktorých tvorcami boli vždy vlády po roku 1989.
Salvato in:
| Autore principale: | |
|---|---|
| Natura: | Capitolo di libro |
| Lingua: | slovacco |
| Soggetti: | |
| Tags: |
Nessun Tag, puoi essere il primo ad aggiungerne!!
|
MARC
| LEADER | 00000naa a2200000 4500 | ||
|---|---|---|---|
| 001 | r014204 | ||
| 005 | 20221214064812.9 | ||
| 041 | 0 | |a slo | |
| 044 | |a SK | ||
| 245 | 1 | 0 | |a Používať kvalifikované meradlá |b Čo potrebuje dobrá ekonomická politika |c Jaroslav Husár |
| 520 | |a Grafický model ekonomiky SR podopretý ekonomickou teóriou. Jednoduchý model zatvoreného a otvoreného hospodárstva. Model otvoreného hospodárstva s vládou. Podlžnosti ekonomických stratégií, ktorých tvorcami boli vždy vlády po roku 1989. | ||
| 610 | 2 | 0 | |a modely ekonomické |
| 610 | 2 | 0 | |a modelovanie |
| 610 | 2 | 0 | |a teórie ekonomické |
| 610 | 2 | 0 | |a hospodárstvo národné |
| 610 | 2 | 0 | |a Slovensko |
| 610 | 2 | 0 | |a politika hospodárska |
| 610 | 2 | 0 | |a stratégia hospodárska |
| 100 | 1 | |a Husár, Jaroslav | |